000 01440nam a22003857a 4500
003 CHAP
005 20220329143406.0
008 090218s2008 mx a r 00010 spa d
010 _a95907
011 _a96879
035 _a107536
040 _cCHAP
090 _aTesis
100 1 _aPonce Cruz, Ruy
_990777
245 1 0 _aPrivatización en la industria petrolera mexicana
_c/por Ruy Ponce Cruz
260 _aChapingo, Méx. :
_bEl autor,
_c2008
300 _aii, 103 h. :
_bilus., cuadros, gráfs.
502 _aTesis (Lic. en Economía Agrícola) -- UACH. División de Ciencias Económico Administrativas
530 _aTambién disponible en línea
590 _aALEPH
_b10
_c20130110
_lUCH01
_h1527
590 _aBATCH-UPD
_b10
_c20130110
_lUCH01
_h0637
590 _aBATCH-UPD
_b10
_c20130410
_lUCH01
_h0321
590 _aBATCH-UPD
_b10
_c20130914
_lUCH01
_h1634
590 _aBATCH-UPD
_b10
_c20140324
_lUCH01
_h1510
590 _aBATCH-UPD
_b10
_c20141002
_lUCH01
_h0838
590 _aCONVERSION
_b10
_c20130109
_lUCH01
_h1353
650 1 4 _aIndustria
_xPrivatización.
_957760
650 1 4 _aPetróleo
_xIndustria.
_987665
650 1 4 _aPetróleo
_zMéxico.
_987678
856 _3Finding aid
_uhttp://10.13.5.2/tesis/107536.pdf
_zTeclea aqui
901 _aBK
942 _cFOLL
949 _aTesis
_bBC
_cTES
_d33724002082629
_eTS1
_gDonaciØn
_h48957
_i107536
_sb
949 _aTesis
_bBC
_cTES
_d33724002082660
_eTS2
_fc.2
_gDonaciØn
_h48958
_i107536
_sb
999 _c95907
_d95907